02050nam a22002537a 4500003000900000008004100009040007100050082005100121110005500172245006800227260003200295300002900327440007300356505109600429650005501525650001801580650001501598650001201613700003201625700002301657700003301680700002801713710005501741AR-CdUCM190425b ||||| |||| 00| 0 spa d aMUNICIPALIDAD PROVINCIAL DEL CUSCOcBIBLIOTECA MUNICIPAL DEL CUSCO aRev.Univ/N°88,89/1945bRev.Univ/N°88,89/1945 aUniversidad Nacional de San Antonio Abad del Cusco aRevista Universitaria :bÓrgano de la Universidad del Cuzco / aCusco :bH.G. Rozas,c1945. a197 páginas. :c20 cm. aRevista UniversitarianAño XXXIV, 1°y 2° semestre 1945, N°88,89 aContenido: La Universidad Nacional del Cuzco a sus hermanas de América y España con motivo del cuarto de milenio de su fundación 1696-1946. Alfredo Yépez Miranda. -- La evolución del pensamiento matemático. Alberto Corazao. -- La Universidad de San Antonio Abad del Cuzco somera sinopsis de su historia. José Gabriel Cosío. -- Un breve entredicho en la Universidad del Cuzco. Manuel Nieto. -- Síntesis histórica de la tricentenaria Universidad del Cuzco. Julián Santisteban Ochoa. -- Los grandes maestros de la Universidad. Víctor Guillen. -- Vocabulario segundo del Castellano al Indico. Diego Torres Rubio en 1619, aumentado después con los vocablos de la lengua Chinchaysuyo por el padre Juan de Figueredo. Luis A. Pardo. -- Gonzales Prada profeta. Luis Velasco Aragón. -- El circuito de los materiales terrestres. Juvenal Salas Rodríguez. -- El sacrilegio de Don Fadrique tradición cuzqueña. Ángel Carreño. -- Influencia de la música incaica en el cancionero del norte argentino, un nuevo libro por Policarpo Caballero. Horacio Villanueva Urteaga. aUniversidad Nacional de San Antonio Abad del Cusco aMúsica inka aCastellano aQuechua aVillanueva Urteaga, Horacio aCarreño, Ángel aSantiesteban Ochoa, Julián aCosío, José Gabriel aUniversidad Nacional de San Antonio Abad del Cusco